| 000 | 00664nam a2200193Ia 4500 | ||
|---|---|---|---|
| 003 | IN-BaIIA | ||
| 008 | 211028s9999 xx 000 0 eng d | ||
| 020 | _a90-411-2119-6 | ||
| 040 | _cIIA Library | ||
| 080 |
_a347.78 _bALI |
||
| 100 |
_aMashelkar, R. _929017 |
||
| 245 | 0 |
_aIntellectual property and competitive strategies in the 21st century _cS. Alikhan and R. Mashelkar |
|
| 260 |
_aThe Hague _bKluwer Law International _c2004 |
||
| 300 | _axiii, 217p. | ||
| 650 |
_aIntellectual Property _929018 |
||
| 650 |
_aIntellectual property - Economic aspects _929019 |
||
| 650 |
_aTechnological innovation _929020 |
||
| 942 | _cBK | ||
| 999 |
_c15740 _d15740 |
||